00438nam a2200133Ia 4500008004100000040001600041041001200057082002000069100002900089245012500118250001200243260003200255300001700287230917s9999||||xx |||||||||||||| ||und|| e80974aMAIN aEnglish a346.096 A38L(9) aAggarwal, Chiranjiva Lal 0aLaw of Hindus and Negotiable Instruments, being a commentary on the Negotiable Instruments Act (Act No. 26 of 1881) etc. a9th ed. aLucknowbEastern Bookc1977 axxiv, 606 p.